Русско-английский морской технический словарь

Bibliografiske detaljer
Hovedforfatter: Лысенко В. А. Виталий Алексеевич
Sprog:russisk
engelsk
Udgivet: Киев, Логос, 1999
Udgivelse:Изд. испр.
Fag:
Format: Bog
KOHA link:https://koha.lib.tpu.ru/cgi-bin/koha/opac-detail.pl?biblionumber=50517

MARC

LEADER 00000nam0a2200000 4500
001 50517
005 20231031033144.0
010 |a 9665090127 
035 |a (RuTPU)RU\TPU\book\52897 
090 |a 50517 
100 |a 20030417d1999 m y0rusy50 ca 
101 0 |a rus  |a eng 
102 |a UA 
105 |a y e 000zy 
200 1 |a Русско-английский морской технический словарь  |f В. А. Лысенко 
205 |a Изд. испр. 
210 |a Киев  |c Логос  |d 1999 
215 |a 605 с. 
610 1 |a английский язык 
610 1 |a морские суда 
610 1 |a морское судоходство 
610 1 |a терминологические словари 
610 1 |a словари 
675 |a 656.6(031)  |v 3 
686 |a Ш143.21-43  |v LBC/SL-A  |2 rubbk 
700 1 |a Лысенко  |b В. А.  |g Виталий Алексеевич 
801 1 |a RU  |b 63413507  |c 20030417  |g PSBO 
801 2 |a RU  |b 63413507  |c 20110909  |g PSBO 
942 |c BK